banner koha

Process variables in the osmotic dehydration of sliced peaches (Registro n. 230939)

MARC details
000 -LÍDER
campo de controle de tamanho fixo 00932nas a2200301 4500
001 - NÚMERO DE CONTROLE
campo de controle BR2013006533
003 - IDENTIFICADOR DO NÚMERO DE CONTROLE
campo de controle BR-BrBNA
005 - DATA E HORÁRIO DA ÚLTIMA TRANSAÇÃO
campo de controle 20231205122845.0
007 - CAMPO FIXO DE DESCRIÇÃO FÍSICA--INFORMAÇÃO GERAL
campo de controle de tamanho fixo ta
008 - CAMPO DE DADOS FIXOS--INFORMAÇÃO GERAL
campo de controle de tamanho fixo 230509b bl.|||p| |||| 00| 00por d
040 ## - FONTE DA CATALOGAÇÃO
Instituição da catalogação original BR-BrBNA
Idioma da catalogação por
Instituição que transcreveu o registro Biblioteca Nacional de Agricultura
041 ## - CÓDIGO DE IDIOMA
Código do idioma do texto/trilha sonora ou título diferente (En)
072 ## - CÓDIGO DE CATEGORIA DE ASSUNTO
Código de Categoria de Assunto Q02; U10
100 1# - ENTRADA PRINCIPAL--NOME PESSOAL
Nome pessoal Germer, S.P.M.
100 1# - ENTRADA PRINCIPAL--NOME PESSOAL
Nome pessoal Queiroz, M.R.
100 1# - ENTRADA PRINCIPAL--NOME PESSOAL
Nome pessoal Aguirre, J.M.
100 1# - ENTRADA PRINCIPAL--NOME PESSOAL
Nome pessoal Berbari, S.A.G.
100 1# - ENTRADA PRINCIPAL--NOME PESSOAL
Nome pessoal Anjos, V.D.
245 1# - TÍTULO
Título Process variables in the osmotic dehydration of sliced peaches
650 ## - ASSUNTO--TERMO TÓPICO
Cabeçalho tópico ou nome geográfico DESIDRATAÇÃO
650 ## - ASSUNTO--TERMO TÓPICO
Cabeçalho tópico ou nome geográfico TECNOLOGIA DE ALIMENTO
650 ## - ASSUNTO--TERMO TÓPICO
Cabeçalho tópico ou nome geográfico PÊSSEGO
650 ## - ASSUNTO--TERMO TÓPICO
Cabeçalho tópico ou nome geográfico PRUNUS PERSICA
773 0# - ENTRADA ANALÍTICA
Título Ciência e Tecnologia de Alimentos (Brazil)
ISSN - International Standard Serial Number ISSN 1678-457X
Partes relacionadas (Oct-Dec 2010), v. 30(4) p. 940-948
Número de controle do registro BR2013006533
856 40 - LOCALIZAÇÃO ELETRÔNICA E ACESSO
Uniform Resource Identifier <a href="http://www.scielo.br/pdf/cta/v30n4/v30n4a16.pdf">http://www.scielo.br/pdf/cta/v30n4/v30n4a16.pdf</a>
909 ## -
-- 202311
-- Lúcia
-- 55
-- Lúcia Elande
942 ## - ELEMENTOS DE ENTRADA ADICIONADOS (KOHA)
Fonte da classificação ou esquema de arquivamento na estante Classificação AGRIS
Ocultar no OPAC Não
Tipo de material Koha Analítica
Exemplares
Situação do descarte Fonte da classificação ou esquema de arquivamento na estante Situação física Não pode ser emprestado Biblioteca de origem Biblioteca atual Localização na estante Enumeração do periódico / cronologia Total de empréstimos Data de último acesso Número do exemplar Tipo de material Koha Fonte de aquisição
  Classificação AGRIS   Consulta local Biblioteca Nacional de Agricultura - Binagri Biblioteca Nacional de Agricultura - Binagri   (Oct-Dec 2010), v. 30(4) p. 940-948   29/11/2023 01 Periódicos Portaria Interministerial nº 164/94

BINAGRI

Telefone: (61)3218-2567/2388/3357/2097 - binagri@agro.gov.br

Ministério da Agricultura e Pecuária , Esplanada dos Ministérios, Bloco D, Anexo B, Brasília/DF, CEP: 70.043-900